| 000 | 00610nam a2200181Ia 4500 | ||
|---|---|---|---|
| 003 | GCL | ||
| 008 | 140319s9999 xx 000 0 ara d | ||
| 040 |
_aGCL / _cGCL |
||
| 082 | 0 | 4 |
_a811.4 _bا ش |
| 100 | 1 | _aسامى الدهان (تحقيق) | |
| 245 | 1 | 0 |
_aشرح ديوان صريع الغوانى / _cسامى الدهان (تحقيق) |
| 700 | 1 | _aمسلم بن الوليد : ابو الوليد مسلم بن الوليد الانصارى | |
| 300 | _a524 ص | ||
| 490 | _a | ||
| 650 | 0 | 4 | _aالادب العربى |
| 650 | 0 | 4 | _aالشعر العربى - دواوين وقصائد |
| 942 |
_2ddc _cBK |
||
| 999 |
_c41729 _d41729 |
||